[Event "Titled Tuesday intern op 03rd Sep Early"]
[Site "Chess.com INT"]
[Date "2024.09.03"]
[Round "5"]
[White "Rustemov, Alexander"]
[Black "Skiadopoulos, Nikolaos"]
[Result "1-0"]
[WhiteElo "2525"]
[BlackElo "1882"]
[PlyCount "67"]
[EventDate "2024.09.03"]
[EventType "swiss (blitz)"]
[EventRounds "11"]
[EventCountry "USA"]
[SourceTitle "EXT 2025"]
[Source "ChessBase"]
[SourceDate "2024.10.14"]
[SourceVersion "1"]
[SourceVersionDate "2024.10.14"]
[SourceQuality "1"]

1. d4 Nf6 2. c4 c5 3. d5 b5 4. cxb5 a6 5. e3 e6 6. Nc3 Bb7 7. dxe6 fxe6 8. Nf3 Be7 9. a4 d5 10. Be2 0-0 11. 0-0 axb5 12. Bxb5 Nc6 13. b3 e5 14. e4 d4 15. Bc4+ Kh8 16. Nd5 Nxd5 17. Bxd5 Na5 18. Bxb7 Nxb7 19. Nxe5 Bd6 20. Nc4 Bc7 21. f4 Ra6 22. e5 Qd5 23. Qf3 Qxf3 24. Rxf3 Na5 25. Nxa5 Bxa5 26. Ba3 Rc8 27. Rc1 Bc3 28. f5 c4 29. bxc4 Rxa4 30. Bd6 Rcxc4 31. f6 gxf6 32. exf6 d3 33. Rxc3 Rxc3 34. f7 1-0